| 000 | 00851nam a2200217 i 4500 | ||
|---|---|---|---|
| 001 | 136192 | ||
| 003 | ES-MaACL | ||
| 005 | 20230906195046.0 | ||
| 007 | t| | ||
| 008 | 070214s1952 dr |||| | spa d | ||
| 100 | 1 |
_aRuiz Tejada, Manuel Ramón. _9100935 |
|
| 245 | 1 | 0 |
_aEstudio sobre la propiedad inmobiliaria en la República Dominicana / _cManuel Ramón Ruiz Tejada. |
| 260 |
_aCiudad Trujillo (República Dominicana) : _bUniversidad de Santo Domingo : _bEd. del Caribe, _c1952. |
||
| 300 |
_a446 p. ; _c23 cm. |
||
| 490 | 1 |
_aPublicaciones de la Universidad de Santo Domingo ; _v85 |
|
| 650 | 4 |
_aPropiedad inmobiliaria- _zRepública Dominicana. _9169314 |
|
| 710 | 2 |
_aUniversidad de Santo Domingo. _97299 |
|
| 830 | 0 |
_aPublicaciones de la Universidad de Santo Domingo ; _v85 _9182804 |
|
| 852 |
_aES-MaACL _jC-5886 |
||
| 999 |
_c136192 _d136192 |
||